[Event "Warsaw Maciei Memorial"]
[Site "Warsaw"]
[Date "2025.07.07"]
[Round "9"]
[White "Krogulski, Maksymilian"]
[Black "Silich, Yahor"]
[Result "0-1"]
[WhiteElo "1964"]
[BlackElo "2216"]
[PlyCount "118"]
[EventDate "2025.07.07"]
[EventType "swiss (blitz)"]
[EventRounds "11"]
[EventCountry "POL"]
[SourceTitle "CB28_2025"]
[SourceDate "2025.07.09"]
[SourceVersion "1"]
[SourceVersionDate "2025.07.09"]
[SourceQuality "1"]

1. e4 c5 2. Nf3 Nc6 3. c3 d5 4. exd5 Qxd5 5. Na3 e6 6. d4 Nf6 7. Be3 cxd4 8. Nb5 Qd8 9. Nbxd4 Nd5 10. Nxc6 bxc6 11. Bc4 Nxe3 12. Qxd8+ Kxd8 13. fxe3 Bd6 14. Rd1 Ke7 15. Ke2 a5 16. Nd4 Bd7 17. h3 h5 18. Rd2 Rhd8 19. Rhd1 Be8 20. Bd3 c5 21. Nb5 Be5 22. a4 Bc6 23. Kf2 h4 24. Be2 Bg3+ 25. Kf1 Bd5 26. c4 Bc6 27. Bf3 Bxf3 28. gxf3 Be5 29. b3 f5 30. Ke2 Rxd2+ 31. Rxd2 g6 32. f4 Bf6 33. Rd6 Rd8 34. Rc6 g5 35. fxg5 Bxg5 36. Rxc5 Bh6 37. Nd4 Rg8 38. Rc7+ Kf6 39. Rc6 Rg2+ 40. Kf1 Rb2 41. Rxe6+ Kg5 42. Re5 Kg6 43. Nxf5 Bg5 44. Nd4 Bf6 45. Re6 Rh2 46. Ne2 Kf5 47. Ra6 Rxh3 48. Rxa5+ Ke4 49. Ra6 Rf3+ 50. Kg2 h3+ 51. Kh1 Be5 52. Rg6 h2 53. Rg4+ Kxe3 54. Ng3 Bxg3 55. Kg2 Rf2+ 56. Kxg3 h1Q 57. Re4+ Qxe4 58. c5 Qf4+ 59. Kh3 Rh2# 0-1

[Event "POL-chT U20 1st League"]
[Site "Chotowa"]
[Date "2025.06.18"]
[Round "5.26"]
[White "Krogulski, Maksymilian"]
[Black "Gora, Antoni"]
[Result "1-0"]
[WhiteElo "1986"]
[BlackElo "1831"]
[PlyCount "131"]
[EventDate "2025.06.14"]
[EventType "team-swiss"]
[EventRounds "9"]
[EventCountry "POL"]
[SourceTitle "CB26_2025"]
[SourceDate "2025.06.25"]
[SourceVersion "1"]
[SourceVersionDate "2025.06.25"]
[SourceQuality "1"]
[WhiteTeam "Czternastka Warszawa II"]
[BlackTeam "Kalisz"]
[WhiteTeamCountry "POL"]
[BlackTeamCountry "POL"]

1. e4 c5 2. Nf3 e6 3. c3 d5 4. exd5 exd5 5. d4 Nf6 6. Bb5+ Bd7 7. Bxd7+ Nbxd7 8. 0-0 Be7 9. Re1 0-0 10. h3 h6 11. Nbd2 Re8 12. dxc5 Nxc5 13. Nb3 Nxb3 14. Qxb3 Qd7 15. Be3 b6 16. Bd4 Rad8 17. Rad1 Ne4 18. Bxb6 axb6 19. Rxe4 Bc5 20. Qxd5 Rxe4 21. Qxd7 Rxd7 22. Rxd7 Re2 23. Rd8+ Kh7 24. Rd2 Bxf2+ 25. Kf1 Rxd2 26. Nxd2 Bh4 27. Ke2 Kg6 28. Kd3 Kf5 29. Nc4 Kf4 30. Ke2 Kg3 31. Kf1 Bd8 32. Nd6 Kf4 33. Kf2 Bc7 34. g3+ Ke5 35. Nb5 Bd8 36. Ke3 f5 37. Nd4 Bc7 38. Kf3 g5 39. g4 fxg4+ 40. hxg4 Bd6 41. Nf5 Bf8 42. Ne3 b5 43. b3 b4 44. cxb4 Bxb4 45. a4 Kd6 46. Ke4 Kc5 47. Nf5 Ba5 48. Kd3 Kb4 49. Kc2 Kc5 50. Nxh6 Bc7 51. Nf7 Bf4 52. Kc3 Kd5 53. b4 Ke6 54. Nh6 Kd5 55. Kd3 Bd6 56. b5 Be5 57. Nf7 Bf6 58. a5 Kc5 59. a6 Kb6 60. Ke4 Be7 61. Kf5 Bc5 62. Nxg5 Kxb5 63. Ne6 Be3 64. Ke4 Bf2 65. g5 Kxa6 66. g6 1-0

[Event "Warsaw Maciei Memorial Blitz"]
[Site "Warsaw"]
[Date "2024.07.08"]
[Round "9"]
[White "Sanz Losada, Victoriano"]
[Black "Krogulski, Maksymilian"]
[Result "1-0"]
[WhiteElo "2002"]
[BlackElo "1678"]
[PlyCount "75"]
[EventDate "2024.07.08"]
[EventType "swiss (blitz)"]
[EventRounds "11"]
[EventCountry "POL"]
[SourceTitle "CBM 221 Extra"]
[Source "ChessBase"]
[SourceDate "2024.09.30"]
[SourceVersion "1"]
[SourceVersionDate "2024.09.30"]
[SourceQuality "1"]

1. d4 d5 2. c4 c6 3. Nf3 e6 4. cxd5 exd5 5. Qc2 Nf6 6. Bg5 Be7 7. Nc3 0-0 8. e3 h6 9. Bf4 Bg4 10. Bd3 Bd6 11. Ne5 Be6 12. h3 Qc7 13. g4 Nbd7 14. Nxd7 Qxd7 15. Be5 a6 16. Bxf6 gxf6 17. e4 Rae8 18. 0-0-0 Bf4+ 19. Kb1 dxe4 20. Nxe4 Qd8 21. f3 Bd5 22. Bc4 Bxe4 23. fxe4 Qe7 24. Rde1 Qc7 25. Rhf1 Kh8 26. Rf3 Bg5 27. Qf2 b5 28. Bd3 f5 29. Rxf5 Rd8 30. h4 Be7 31. Rxf7 Rxf7 32. Qxf7 Bd6 33. Qf6+ Kg8 34. Bc2 Be7 35. Bb3+ Kh7 36. Qf7+ Kh8 37. Qg6 Rd6 38. Qg8# 1-0

[Event "Warsaw Maciei Memorial"]
[Site "Warsaw"]
[Date "2023.07.10"]
[Round "11"]
[White "Smetek, Michal"]
[Black "Krogulski, Maksymilian"]
[Result "1-0"]
[WhiteElo "1943"]
[BlackElo "1436"]
[PlyCount "111"]
[EventDate "2023.07.10"]
[EventType "swiss (blitz)"]
[EventRounds "11"]
[EventCountry "POL"]
[SourceTitle "CBM 215 Extra"]
[Source "ChessBase"]
[SourceDate "2023.09.30"]
[SourceVersion "1"]
[SourceVersionDate "2023.09.30"]
[SourceQuality "1"]

1. d4 d5 2. c4 c6 3. Nc3 e6 4. e4 dxe4 5. Nxe4 Nf6 6. Nxf6+ Qxf6 7. Nf3 h6 8. Bd3 Bb4+ 9. Bd2 Bxd2+ 10. Qxd2 0-0 11. 0-0 Rd8 12. Qe3 Nd7 13. Rfd1 b6 14. Qe4 Bb7 15. Ne5 Rac8 16. b4 Rc7 17. c5 bxc5 18. bxc5 g6 19. Nc4 Nf8 20. Nd6 Rcd7 21. Rab1 Ba8 22. Qe5 Qe7 23. Be4 f5 24. Bf3 g5 25. h3 Ng6 26. Qe3 Nf4 27. h4 Nd5 28. Bxd5 cxd5 29. Re1 gxh4 30. Qxh6 Qg7 31. Qxe6+ Kh8 32. Qxf5 Rf8 33. Qh5+ Kg8 34. Qxh4 Rdd8 35. Re3 Qh7 36. Qxh7+ Kxh7 37. Re7+ Kg6 38. Rxa7 Rf4 39. Rb6 Kg5 40. Rba6 Rxd4 41. Rxa8 Rd1+ 42. Kh2 Rxa8 43. Rxa8 Rc1 44. Rc8 Kf4 45. c6 Rc2 46. c7 Rxa2 47. Rf8+ Ke5 48. c8Q d4 49. Nc4+ Ke4 50. Qe6+ Kd3 51. Ne5+ Kd2 52. Qxa2+ Ke1 53. Nd3+ Kd1 54. Nf4 d3 55. Rb8 d2 56. Rb1# 1-0

[Event "Warsaw Maciei Memorial"]
[Site "Warsaw"]
[Date "2022.07.08"]
[Round "1"]
[White "Lewtak, Damian"]
[Black "Krogulski, Maksymilian"]
[Result "0-1"]
[WhiteElo "2397"]
[BlackElo "1584"]
[PlyCount "46"]
[EventDate "2022.07.08"]
[EventType "swiss (blitz)"]
[EventRounds "11"]
[EventCountry "POL"]
[SourceTitle "CBM 209 Extra"]
[Source "ChessBase"]
[SourceDate "2022.09.30"]
[SourceVersion "1"]
[SourceVersionDate "2022.09.30"]
[SourceQuality "1"]

1. e4 c5 2. Nf3 d6 3. d4 cxd4 4. Nxd4 Nf6 5. Nc3 a6 6. Bc4 e6 7. Bb3 Be7 8. g4 d5 9. e5 Nfd7 10. Qe2 Nc6 11. Nf3 Nc5 12. Bf4 Qa5 13. 0-0 0-0 14. Bg3 f5 15. exf6 Bxf6 16. Ne5 Bxe5 17. Bxe5 d4 18. Bd6 dxc3 19. Bxf8 cxb2 20. Rad1 Kxf8 21. Qf3+ Kg8 22. Rfe1 Bd7 23. Rd6 Qxe1+ 0-1